00474nmm a2200133Ia 4500008004100000020001800041041001300059100001800072245009200090264006500182300001800247650002400265856005100289251105s9999||||xx |||||||||||||||||und|| a9781558859098 aspaaeng aGarza, Xavier 0aVincent Ventura and the Diabolical Duendes / Vincent Ventura y los duendes diabólicos a[Washington, Estados Unidos] :bArte Público Press, c2020 a120 páginas aAges 9-12 Years Old uhttps://public.digitaliapublishing.com/a/82579